| 000 | 00965nam0a22002651 4500 | ||
|---|---|---|---|
| 001 | v19\rc\1265781 | ||
| 005 | 20060306182127.4 | ||
| 035 | _a(NLR Aleph) 004418939 | ||
| 090 |
_a4109086 _c4109086 |
||
| 100 | _a20060306g1894 |||y0rusy50 ca | ||
| 101 | 1 |
_arus _cger |
|
| 102 | _aRU | ||
| 105 | _ay z ||||| | ||
| 200 | 1 |
_aГигиена целомудрия _fТ.Г. Корниг, д-р медицины _gПер. с нем. и издал д-р медицины Н. Лейненберг |
|
| 205 | _a2-е изд. | ||
| 210 |
_aОдесса _cтип. Гальперина и Швейцера _d1894- |
||
| 215 |
_a56 с. _d22 |
||
| 225 | 1 | _aГигиеническая библиотека Н. Лейненберга | |
| 700 | 1 |
_aКорниг _bТ. Г. |
|
| 702 | 1 |
_aЛейненберг _bН. П. _gНиколай Павлович _4730 _4650 |
|
| 801 | 0 |
_aRU _bNLR _gpsbo |
|
| 801 | 1 |
_aRU _bProSoft-M _2rusmarc |
|
| 852 |
_aNLR _j18.279.1.519 |
||
| 942 | _cBOOK | ||
| 980 | _aNB | ||